01935nam a22003137a 4500003000400000005001700004008004100021040002200062082001500084110002800099245003500127260006200162300001800224366000800242490001200250505039900262505001000661505052100671505001501192650004101207650004401248650004701292650004801339650004701387650004701434650004601481650004901527651004501576OSt20230525093204.0221006b |||||||| |||| 00| 0 eng d cBiblioteca Lado V a700bG599c aGoethe-InstituteEditor aHumboldt/bComer y ser comido/ bSDV Saarbrucker Druckerei und Verlag GmbHc2005aAlemania c21x28cma80p. espa a142v47 aComer y ser comidogLa gran comilona Galeria de hambrientos y tendencia de lo digestivo en el cine latinoamericano Canibalia Antropofagia en Gran serton: veredas de joao Guimaraes Rosa Bajo el sol Jaguar La metafisica del bacalao o los limites del buen gusto en Manuel Vazquez Montalban Un artista del hambre La nutricion vuelve a ser objeto de discusion publica Revalorando lo antiguo aNotas aMiscelaneagLa invención del barroco Don Quijote y la muerte Metamorfosis del Caballero de la triste Figura Una profanacion de Bayreuth? Los niños son simplemente una maravilla Dioses negros en el exilio La nueva imagen de la literatura latinoamericana en la vieja Europa La pianista sonríe Apunte durante los ensayos de No Importa Adiós a Jacques Derrida Crónica de un cambio de época Un Hitler humano La revelación o de como el arte no ayuda al coleccionista Por que Europa es necesaria? aNoticiario 2Tesauro de Arte & ArquitecturaaARTE 2Tesauro de Arte & ArquitecturaaPINTURA 2Tesauro de Arte & ArquitecturaaFOTOGRAFIA 2Tesauro de Arte & ArquitecturaaENTREVISTAS 2Tesauro de Arte & ArquitecturaaMISCELANEA 2Tesauro de Arte & ArquitecturaaREPORTAJES 2Tesauro de Arte & ArquitecturaaESPAÑOL 2Tesauro de Arte & ArquitecturaaARTE EUROPEO 2Tesauro de Arte & ArquitecturaaALEMANIA